| 000 | 00583nam a2200193 a 4500 | ||
|---|---|---|---|
| 001 | 000021246 | ||
| 005 | 20200930011254.0 | ||
| 008 | 100902s1977 sp r 001 0 spa d | ||
| 040 |
_aDO-SdBNP _bspa _cBNPHU |
||
| 082 |
_annnn _bB653l |
||
| 100 | 1 |
_aBlom, Ricardo, _944408 |
|
| 245 | 1 | 0 |
_aLarga marcha hacia la libertad / : _bRicardo Blom. |
| 260 |
_aMadrid : _bDoncel, _c1977. |
||
| 300 |
_a204, [8] p. ; _c18 cm. |
||
| 490 | 1 |
_aEl libro de bolsillo Doncel _v129 |
|
| 500 | _aIncluye índice de la colección | ||
| 830 | 3 |
_aEl libro de bolsillo Doncel ; _v129 _98628 |
|
| 049 | _aBNGR | ||
| 999 |
_c20747 _d20747 |
||